书目信息 |
| 题名: |
外贸德语
|
|
| 作者: | 杜景林 , 夏林荫 编著 | |
| 分册: | ||
| 出版信息: | 北京 对外经济贸易大学出版社 2005.03 |
|
| 页数: | 230页 | |
| 开本: | 20cm | |
| 丛书名: | ||
| 单 册: | ||
| 中图分类: | H33 | |
| 科图分类: | ||
| 主题词: | 对外贸易--德语 | |
| 电子资源: | ||
| ISBN: | 7-81078-463-3 | |
| 000 | 00885nam0 2200229 450 | |
| 001 | 010234320171 | |
| 005 | 20050831205728.90 | |
| 010 | @a7-81078-463-3@dCNY13.00 | |
| 100 | @a20050530d2005 km y0chiy0120 ea | |
| 101 | 0 | @achi@ager |
| 102 | @aCN@b110000 | |
| 105 | @ay z 000yy | |
| 200 | 1 | @a外贸德语@Awai mao de yu@f杜景林, 夏林荫编著@Fdu jing lin,xia lin yin bian zhu |
| 210 | @a北京@c对外经济贸易大学出版社@d2005.03 | |
| 215 | @a230页@d20cm | |
| 330 | @a本教材系统地论述了对外贸易的基本理论和基础知识,系统地构建了对外贸易的体系和框架,同时具有中德比较研究的性质。全书具体内容包括对外贸易的导论、对外贸易法、海关通关程序、国际货物买卖合同、国际货款的收付、货物运输保险以及商事仲裁等。 | |
| 606 | 0 | @a对外贸易@x德语 |
| 690 | @aH33@v4 | |
| 701 | 0 | @a杜景林@Adu jing lin@4编著 |
| 701 | 0 | @a夏林荫@Axia lin yin@4编著 |
| 801 | 0 | @aCN@bQSSK@c20050831 |
| 905 | @a10447@dH33@eD823 | |
| 外贸德语/杜景林, 夏林荫编著.-北京:对外经济贸易大学出版社,2005.03 |
| 230页;20cm |
| ISBN 7-81078-463-3:CNY13.00 |
| 本教材系统地论述了对外贸易的基本理论和基础知识,系统地构建了对外贸易的体系和框架,同时具有中德比较研究的性质。全书具体内容包括对外贸易的导论、对外贸易法、海关通关程序、国际货物买卖合同、国际货款的收付、货物运输保险以及商事仲裁等。 |
| ● |
| 相关链接 |
|
|
|
正题名:外贸德语
索取号:H33/D823
 
预约/预借
| 序号 | 登录号 | 条形码 | 馆藏地/架位号 | 状态 | 备注 |
| 1 | 565682 | 205656823 | 语言库209/209语言库 117排2列4层/ [索取号:H33/D823] | 在馆 | |
| 2 | 565683 | 205656832 | 语言库209/209语言库 117排2列4层/ [索取号:H33/D823] | 在馆 | |
| 3 | 565684 | 205656841 | 语言库209/209语言库 117排2列4层/ [索取号:H33/D823] | 在馆 |